Spoločné testovanie

Analýza výhod a nevýhod spoločného testovania na základe získaných praktických skúseností, ako aj na základe výsledkov prieskumu, ktorý sa uskutočnil medzi študentmi rôznych fakúlt Ekonomickej univerzity v Bratislave.

Uložené v:
Podrobná bibliografia
Hlavný autor: Kurdelová, Ľubica
Ďalší autori: Meľsitová, Jolana
Médium: Kapitola
Jazyk:Slovak
Predmet:
Tagy: Pridať tag
Žiadne tagy, Buďte prvý, kto otaguje tento záznam!

MARC

LEADER 00000nla a2200000 4500
001 0163339
005 20240502072833.8
041 0 |a slo 
044 |a SK 
245 1 0 |a Spoločné testovanie  |c Ľubica Kurdelová, Jolana Meľsitová 
520 |a Analýza výhod a nevýhod spoločného testovania na základe získaných praktických skúseností, ako aj na základe výsledkov prieskumu, ktorý sa uskutočnil medzi študentmi rôznych fakúlt Ekonomickej univerzity v Bratislave. 
610 2 0 |a vzdelávanie vysokoškolské 
610 2 0 |a jazyky cudzie 
610 2 0 |a študenti 
610 2 0 |a testy 
610 2 0 |a efektívnosť 
100 1 |a Kurdelová, Ľubica 
700 1 |a Meľsitová, Jolana